[Event "2016 WA Open Chess Championship"]
[Site "Nth Woodvale PS"]
[Date "2016.06.26"]
[Round "1"]
[White "David Ellis"]
[Black "Steven Hintz"]
[WhiteElo "2029"]
[BlackElo "1687"]
[Result "1-0"]

1. Nf3 Nf6 2. g3 d5 3. c4 c6 4. b3 Bf5 5. Bg2 e6 6. Bb2 Nbd7 7. O-O Bd6 8. d3
O-O 9. Nbd2 Bb4 10. a3 Bxd2 11. Qxd2 h6 12. Nh4 Bh7 13. f4 Qb6 14. Kh1 Ng4 15. Qc3
Ndf6 16. c5 Qc7 17. Rf3 h5 18. h3 Nh6 19. Rf2 Rad8 20. e3 Qe7 21. Rg1 d4 22. exd4
Nd5 23. Bxd5 Rxd5 24. Nf3 Rfd8 25. Qd2 f6 26. Re2 Bf5 27. Kh2 Kf7 28. Rge1 Qd7
29. Nh4 Re8 30. Ng2 Qc8 31. Ne3 Rdd8 32. Nc4 Qc7 33. Nd6 Rxd6 34. cxd6 Qxd6
35. Re3 h4 36. Rf3 Qd5 37. Qg2 hxg3 38. Rxg3 g6 39. Qxd5 exd5 40. Rxe8 Kxe8
41. Re3 Kf7 42. a4 Bg4 43. Re1 Bf5 44. Ba3 Ng8 45. Re3 a6 46. Kg3 Be6 47. Bc5
Nh6 48. Re1 Nf5 49. Kf3 Nh4 50. Kg3 Nf5 51. Kh2 Nh4 52. Re2 Nf5 53. b4 Bd7 54. Rb2
Ne3 55. Kg3 Nf5 56. Kf3 Nh4 57. Kg3 Nf5 58. Kh2 Nh4 59. Rb1 Nf5 60. Kg2 Nh4
61. Kg3 Nf5 62. Kf3 Nh4 63. Kg3 Nf5 64. Kf2 Nh4 65. Re1 Nf5 66. h4 Be6 67. Rh1
Ng7 68. Ke2 Nh5 69. Kf3 Ng7 70. Rb1 Bd7 71. Rh1 Be6 72. Rh2 Nh5 73. Ke3 Ng7
74. Kd2 Nf5 75. Rf2 Ng7 76. Kc3 Nf5 77. Rh2 Ng7 78. Kb3 Bd7 79. Re2 Nf5 80. Kc3
Be6 81. Ra2 Ng7 82. Bb6 Bd7 83. Bc5 Be6 84. b5 axb5 85. axb5 cxb5 86. Kb4 Bd7
87. Ka5 Bc6 88. Kb4 Ne6 89. Rf2 Ng7 90. Rh2 Nh5 91. Rf2 Ng7 92. Re2 Nf5 93. Rh2
Ng7 94. Ka5 Nh5 95. Rf2 Ng7 96. Kb4 Nf5 97. Rh2 Ng7 98. Kc3 Nh5 99. Rf2 Ng7
100. Kd2 Nf5 101. Rh2 Ng7 102. Ke2 Ke6 103. Kf3 Kf5 104. Rg2 Ne6 105. Ke3 Bd7
106. Bd6 Ng7 107. Bf8 Ne6 108. Bh6 Bc6 109. Rh2 Kg4 110. f5 Kh5 111. fxe6 Kxh6
112. Kf4 Kg7 113. h5 gxh5 114. Rxh5 Kf8 115. Kf5 Ke7 116. Rh7 Kd6 117. Kxf6
b4 118. Rh2 b3 119. Rb2 Ba4 1-0

[Event "2016 WA Open Chess Championship"]
[Site "Nth Woodvale PS"]
[Date "2016.06.26"]
[Round "1"]
[White "Gordon Dunlop"]
[Black "Tristan Boyd"]
[WhiteElo "1841"]
[BlackElo "2400"]
[Result "0-1"]

1. e4 c5 2. Nf3 d6 3. d4 cxd4 4. Nxd4 Nf6 5. Nc3 a6 6. Be3 e5 7. Nb3 Be6 8. f3
Be7 9. Qd2 Nbd7 10. O-O-O b5 11. g4 Nb6 12. g5 Nfd7 13. Nd5 Bxd5 14. exd5 Rc8
15. h4 Nc4 16. Bxc4 bxc4 17. Na1 c3 18. bxc3 Nb6 19. Bxb6 Qxb6 20. Qd3 O-O 21. Kd2
Qf2 22. Qe2 Qxe2 23. Kxe2 Rxc3 24. Rd3 Rxd3 25. Kxd3 f6 26. gxf6 Rxf6 27. Rh3
Rf4 28. Nb3 Bxh4 29. c4 Bg5 30. Kc3 e4 31. fxe4 Rxe4 32. Kd3 Re5 33. Nd4 Bf6
34. Nc6 Re1 35. Re3 Rxe3 36. Kxe3 Kf7 37. a4 Ke8 38. Nb4 a5 39. Nd3 Bd8 40. Ne1
Ke7 41. Kf4 Kf6 42. Nf3 h6 43. Kg4 Bb6 44. Kf4 g5 45. Kg4 Kg6 46. Kg3 Kf5 0-1

[Event "2016 WA Open Chess Championship"]
[Site "Nth Woodvale PS"]
[Date "2016.06.26"]
[Round "1"]
[White "Ignatius Yap"]
[Black "Tim Hare"]
[WhiteElo "1751"]
[BlackElo "2043"]
[Result "0-1"]

1. e4 g6 2. d4 Bg7 3. Nc3 d6 4. Be3 a6 5. Bc4 Nd7 6. Nge2 b5 7. Bb3 Bb7 8. a3
Ngf6 9. f4 c5 10. Bd5 Nxd5 11. Nxd5 Rc8 12. O-O O-O 13. Qd2 Bxd5 14. exd5 Nb6
15. Nc3 Nc4 16. Qd3 Nxe3 17. Rfe1 cxd4 18. Re2 dxc3 19. Qxe3 cxb2 20. Rb1 Rc3 0-1

[Event "2016 WA Open Chess Championship"]
[Site "Nth Woodvale PS"]
[Date "2016.06.26"]
[Round "1"]
[White "Yita Choong"]
[Black "Nedeljko Tomic"]
[WhiteElo "2331"]
[BlackElo "1831"]
[Result "1-0"]

1. d4 d6 2. c4 g6 3. g3 c5 4. dxc5 Qa5 5. Nc3 Qxc5 6. Be3 Qa5 7. Bd4 Nf6 8. Bxf6
exf6 9. Qd4 Qd8 10. Bg2 Nc6 11. Qd1 Bd7 12. Nb5 Qb6 13. b3 O-O-O 14. Nf3 Be6
15. Qd2 a6 16. Nc3 Be7 17. O-O Qa5 18. Nd4 Kc7 19. Nxc6 1-0

[Event "2016 WA Open Chess Championship"]
[Site "Nth Woodvale PS"]
[Date "2016.06.26"]
[Round "1"]
[White "Evan Yeung"]
[Black "Rob Maris"]
[WhiteElo "1656"]
[BlackElo "2027"]
[Result "0-1"]

1. e4 c5 2. Nc3 e6 3. Nf3 Nc6 4. g3 d6 5. Bg2 Nf6 6. d3 Be7 7. O-O O-O 8. h3
Rb8 9. Be3 b5 10. Qd2 Qc7 11. Nh4 Rd8 12. f4 d5 13. exd5 exd5 14. Bf2 b4 15. Ne2
d4 16. c3 dxc3 17. bxc3 Ba6 18. c4 Bxc4 19. Qc1 Bxd3 20. Qe3 Bf8 21. Rfe1 Bb5
22. Rad1 Re8 23. Qf3 g6 24. Nc1 c4 25. Ne2 Ne4 26. Kh2 Bg7 27. Bd4 Bxd4 28. Nxd4
Nxd4 29. Rxd4 Nc3 30. Rxe8 Rxe8 31. Qg4 Qc5 32. Rd2 Re1 33. Nf3 Rd1 34. Rxd1
Nxd1 35. Ne5 Ne3 36. Qf3 Nxg2 37. Qxg2 c3 38. Qc2 Qd4 0-1

[Event "2016 WA Open Chess Championship"]
[Site "Nth Woodvale PS"]
[Date "2016.06.26"]
[Round "1"]
[White "Craig Kinsman"]
[Black "Fred Maris"]
[WhiteElo "1978"]
[BlackElo "1521"]
[Result "1-0"]

1. e4 e5 2. Nf3 Nc6 3. Bb5 a6 4. Ba4 Nf6 5. O-O b5 6. Bb3 Bb7 7. Re1 Bc5 8. c3
d6 9. d4 Bb6 10. h3 h6 11. d5 Ne7 12. Nbd2 O-O 13. Nf1 Bc8 14. a4 Bd7 15. axb5
axb5 16. Rxa8 Qxa8 17. Bc2 c6 18. dxc6 Qxc6 19. N3h2 Kh8 20. Ng4 Nfg8 21. Be3
Bc7 22. f3 d5 23. exd5 Qxd5 24. Qxd5 Nxd5 25. Bc5 Re8 26. Nge3 Ngf6 27. Bb3
Be6 28. Nxd5 Nxd5 29. Ra1 Bb6 30. Bxb6 Nxb6 31. Bxe6 Rxe6 32. Ra5 e4 33. fxe4
Re5 34. Nd2 f6 35. Kf2 Kg8 36. b3 Kf7 37. c4 bxc4 38. Rxe5 fxe5 39. Nxc4 Nd7
40. Ke3 Ke6 41. b4 g6 42. Kd3 Ke7 43. Ne3 Kd6 44. Nd5 Ke6 45. Kc4 Kd6 46. Kb5
Nb8 47. Kb6 g5 48. Nf6 Nc6 49. b5 Nd8 50. g4 Nf7 51. Ka7 Nd8 52. Ng8 Kc5 53. b6
Nc6 54. Kb7 Na5 55. Kc7 Kd4 56. Nf6 Nc4 57. b7 1-0

[Event "2016 WA Open Chess Championship"]
[Site "Nth Woodvale PS"]
[Date "2016.06.26"]
[Round "1"]
[White "Patrick Gong"]
[Black "Natalie Maris"]
[WhiteElo "2183"]
[BlackElo "1755"]
[Result "1/2-1/2"]

1. e4 b6 2. d4 Bb7 3. Bd3 e6 4. Nf3 c5 5. c3 Nf6 6. Qe2 Be7 7. O-O Qc7 8. Bg5
h6 9. Bh4 d6 10. Na3 a6 11. b4 O-O 12. bxc5 bxc5 13. Rab1 Nbd7 14. Bg3 Nh5 15. Nc4
Nxg3 16. hxg3 Rab8 17. Ncd2 Qa5 18. Nc4 Qc7 19. Ncd2 a5 20. Nc4 d5 21. Na3 c4
22. Nxc4 dxc4 23. Bc2 Rfe8 24. Nd2 Rbc8 25. f4 Qc6 26. Kh2 a4 27. Nf3 a3 28. Rfd1
Nf6 29. Ne5 Qa6 30. g4 Bd6 31. Rf1 Bxe5 32. fxe5 Nh7 33. Rb4 Bc6 34. Rfb1 Ng5
35. Rb6 Qa8 36. R1b4 Bxe4 37. Ra4 Qd5 38. Rd6 Bd3 39. Bxd3 cxd3 40. Qxd3 Qxa2
41. c4 Qb2 42. c5 Ra8 43. Rda6 Rxa6 44. Qxa6 a2 45. c6 a1=Q 46. Rxa1 Qxd4 47. Qa5
Qf4 48. Kh1 Ne4 49. c7 Ng3 50. Kg1 Ne2 51. Kh1 Ng3 1/2-1/2

[Event "2016 WA Open Chess Championship"]
[Site "Nth Woodvale PS"]
[Date "2016.06.26"]
[Round "1"]
[White "Ramudu Rathnayake"]
[Black "Derek Elkington"]
[WhiteElo "1267"]
[BlackElo "1400"]
[Result "1-0"]

1. e4 c5 2. Nc3 Nc6 3. f4 g6 4. Nf3 Bg7 5. Bc4 Nd4 6. O-O a6 7. Be2 b5 8. e5
Bb7 9. d3 f5 10. Be3 Qb6 11. a4 d6 12. a5 Qc6 13. Rf2 Nxe2 14. Qxe2 Nh6 15. d4
Ng4 16. d5 Qd7 17. Rff1 Nxe3 18. Qxe3 O-O 19. Ng5 Rfe8 20. Qh3 h5 21. Qg3 Bh6
22. Ne6 Kh7 23. Ng5 Bxg5 24. e6 Qc7 25. Qxg5 b4 26. g4 hxg4 27. h4 bxc3 28. h5
Rg8 29. Kf2 gxh5 30. Qxh5 Kg7 31. Qg5 Kf8 32. Qxf5 Ke8 33. Qf7 1-0

[Event "2016 WA Open Chess Championship"]
[Site "Nth Woodvale PS"]
[Date "2016.06.26"]
[Round "1"]
[White "Alex Janceski"]
[Black "Igor Butsenko"]
[WhiteElo "1779"]
[BlackElo "2238"]
[Result "0-1"]

1. d4 d5 2. g3 Nf6 3. Bg2 c5 4. c3 e6 5. e3 Nc6 6. Ne2 Bd6 7. Nd2 O-O 8. O-O
Qe7 9. Re1 Rd8 10. Qc2 Bd7 11. e4 dxe4 12. Nxe4 Nxe4 13. Bxe4 h6 14. d5 exd5
15. Bxd5 Ne5 16. Bxb7 Bf5 17. Qxf5 Qxb7 18. Rd1 Nf3 19. Kf1 Nxh2 20. Kg1 Bxg3
21. Bf4 Nf3 22. Kf1 Bxf4 23. Qxf4 Ng5 24. b3 Qh1 25. Ng1 Qxg1 26. Kxg1 Nh3 0-1

[Event "2016 WA Open Chess Championship"]
[Site "Nth Woodvale PS"]
[Date "2016.07.09"]
[Round "2"]
[White "Natalie Maris"]
[Black "Gordon Dunlop"]
[WhiteElo "1755"]
[BlackElo "1841"]
[Result "0-1"]

1. e4 d6 2. d4 Nf6 3. Nc3 e5 4. dxe5 dxe5 5. Qxd8 Kxd8 6. Bg5 Bd6 7. Bc4 Be6
8. Bxe6 fxe6 9. O-O-O Ke7 10. Nf3 h6 11. Bh4 a6 12. Rhe1 Nc6 13. h3 g5 14. Bg3
Rag8 15. Bh2 g4 16. hxg4 Rxg4 17. Bg3 Nh5 18. Bh4 Kf7 19. g3 Rf8 20. a3 Kg8
21. Rd3 Rg7 22. Nd1 Ne7 23. Bxe7 Rxe7 24. Rh1 Nf6 25. Rxh6 Nxe4 26. Rg6 Rg7
27. Rxg7 Kxg7 28. b4 Nxg3 29. fxg3 e4 30. Rd4 exf3 31. Rg4 Kf7 32. Nf2 Rg8 33. Rxg8
Kxg8 34. Ne4 f2 35. Nxf2 Bxg3 36. Ne4 Bd6 37. Kd2 Kf7 38. Kd3 Ke7 39. c4 Kd7
40. c5 Bf4 41. a4 Kc6 42. Kc4 b5 43. axb5 axb5 44. Kd3 Be5 45. Ng5 Kd5 46. Nf7
Bf6 47. Nh6 e5 48. Nf5 e4 49. Kc2 Bg5 50. Kc3 Ke5 51. Ng3 Kf4 52. Ne2 Kf3 53. Nd4
Kf2 54. Kc2 e3 55. Kd3 Bf6 56. Ne2 Bb2 57. Nf4 Ba3 58. Kc3 e2 59. Nd3 Kf1 60. Kb3
Bxb4 61. Kxb4 c6 62. Ka5 e1=Q 63. Nxe1 Kxe1 64. Kb6 b4 65. Kxc6 b3 66. Kd7 b2
67. c6 b1=Q 68. c7 Qb5 69. Kd6 Qe8 70. Kd5 Qc8 71. Kd6 Kd2 72. Kc6 Kd3 73. Kd6
Kd4 74. Kc6 Kc4 75. Kd6 Kb5 0-1

[Event "2016 WA Open Chess Championship"]
[Site "Nth Woodvale PS"]
[Date "2016.07.09"]
[Round "2"]
[White "Derek Elkington"]
[Black "Patrick Gong"]
[WhiteElo "1954"]
[BlackElo "2183"]
[Result "0-1"]

1. e4 d6 2. f4 Nf6 3. Nc3 g6 4. d4 Bg7 5. Nf3 O-O 6. Bc4 Nxe4 7. Nxe4 d5 8. Bd3
dxe4 9. Bxe4 Nd7 10. c3 c5 11. Bc2 cxd4 12. Nxd4 e5 13. Ne2 Qb6 14. Qd3 Nc5
15. Qe3 exf4 16. Qxf4 Re8 17. Rf1 Be6 18. Rf2 Rad8 19. Rf3 Qa6 20. Kf2 Bf5 21. Bxf5
Qxe2 22. Kg3 Be5 0-1

[Event "2016 WA Open Chess Championship"]
[Site "Nth Woodvale PS"]
[Date "2016.07.09"]
[Round "2"]
[White "Tristan Boyd"]
[Black "David Ellis"]
[WhiteElo "2400"]
[BlackElo "2029"]
[Result "1-0"]

1. d4 e6 2. c4 Bb4 3. Nc3 Bxc3 4. bxc3 f5 5. e3 Nf6 6. Bd3 O-O 7. f3 c5 8. Nh3
d6 9. Qc2 Nc6 10. O-O Bd7 11. Bb2 Qc7 12. Rae1 g6 13. e4 fxe4 14. Bxe4 Nxe4
15. Qxe4 e5 16. Nf2 Bf5 17. Qe2 Qf7 18. d5 Nd8 19. g4 Bd7 20. Ne4 Qe7 21. Bc1
Nf7 22. g5 Bh3 23. Rf2 Kh8 24. Kh1 Bf5 25. Nf6 h5 26. f4 Qc7 27. fxe5 Nxe5 28. Rxf5
Ng4 29. Rff1 1-0

[Event "2016 WA Open Chess Championship"]
[Site "Nth Woodvale PS"]
[Date "2016.07.09"]
[Round "2"]
[White "Rob Maris"]
[Black "Yita Choong"]
[WhiteElo "2027"]
[BlackElo "2331"]
[Result "0-1"]

1. d4 Nf6 2. Nf3 d5 3. e3 Bg4 4. h3 Bh5 5. c4 c6 6. Qb3 Qc7 7. Ne5 e6 8. Nc3
Nbd7 9. Nxd7 Qxd7 10. Bd2 Be7 11. Bd3 O-O 12. cxd5 exd5 13. Qc2 Bg6 14. O-O
Rfe8 15. Bxg6 hxg6 16. Rfe1 Bd6 17. e4 dxe4 18. Nxe4 Nxe4 19. Rxe4 Rxe4 20. Qxe4
Re8 21. Qf3 Bc7 22. Be3 Qd6 23. g3 Bb6 24. Rd1 Qe6 25. d5 cxd5 26. Bxb6 Qxb6
27. b3 d4 28. Qg4 Rd8 29. Rd3 Qc5 30. Qe4 Qd5 31. Qe2 a5 32. a4 b5 33. axb5
Qxb5 34. Qd1 Qb4 35. Kh2 Rd6 36. h4 Qc5 37. Qd2 Kh7 38. Qd1 Qf5 39. Rf3 Qd5
40. Rd3 Qe4 41. Qd2 Rd5 42. Kg1 f6 43. f3 Qe5 44. Kf2 Qd6 45. Qc2 Rc5 46. Qd1
Qb6 47. Kg2 Rc3 48. h5 gxh5 49. Rxc3 dxc3 50. Qd3 Kh8 51. Qxc3 Qb5 52. Qc2 Qe5
53. Qd3 f5 54. Qc4 Kh7 55. Kh3 Qe1 56. Kg2 Qd2 57. Kg1 Qe1 58. Kg2 Qd1 59. Qe6
Qd2 60. Kf1 Qd3 61. Kf2 Qd2 62. Kf1 Qg5 63. Kf2 h4 64. gxh4 Qxh4 65. Kg2 Qg5
66. Kf2 Qg6 67. Qc4 Qb6 68. Kg3 Kg6 69. Kf4 Qb4 70. Ke5 Qxc4 71. bxc4 a4 72. Kd4
Kf6 73. Kc3 g5 74. Kb4 g4 75. fxg4 fxg4 76. c5 Ke7 0-1

[Event "2016 WA Open Chess Championship"]
[Site "Nth Woodvale PS"]
[Date "2016.07.09"]
[Round "2"]
[White "Tim Hare"]
[Black "Ramudu Rathnayake"]
[WhiteElo "2043"]
[BlackElo "1267"]
[Result "0-1"]

1. c4 e5 2. g3 Nc6 3. Bg2 f5 4. Nc3 Nf6 5. a3 Be7 6. b4 d6 7. b5 Nd4 8. Nh3
O-O 9. Bb2 f4 10. gxf4 exf4 11. e3 f3 12. Bf1 Nf5 13. Qc2 Nh4 14. O-O-O Bf5
15. e4 Bg4 16. Rg1 Ng2 17. Ng5 h6 18. h3 hxg5 19. hxg4 Nxg4 20. d3 d5 21. Nxd5
Qd6 22. Bxg2 fxg2 23. Rxg2 Nh6 24. Rdg1 g4 25. Nxe7 Qxe7 26. Qc3 Qg5 27. Qd2
Qxd2 28. Kxd2 Rad8 29. Re1 Rf7 30. Re3 Rdf8 31. Ke2 Rf3 32. d4 Rxe3 33. Kxe3
Rf3 34. Kd2 Rf4 35. e5 Nf5 36. Kd3 Nh4 37. Rh2 Rf3 38. Ke4 Rh3 39. Rxh3 gxh3 0-1

[Event "2016 WA Open Chess Championship"]
[Site "Nth Woodvale PS"]
[Date "2016.07.09"]
[Round "2"]
[White "Fred Maris"]
[Black "Ignatius Yap"]
[WhiteElo "1521"]
[BlackElo "1751"]
[Result "0-1"]

1. e4 c6 2. d4 d5 3. e5 Bf5 4. Nc3 e6 5. g4 Bg6 6. Nge2 c5 7. h4 h6 8. h5 Bh7
9. f4 Nc6 10. a3 a6 11. Be3 cxd4 12. Nxd4 Qb6 13. Na4 Qc7 14. Rc1 b5 15. Nc3
Nge7 16. Ncxb5 axb5 17. Nxb5 Qb8 18. Nd6 Kd7 19. Bb5 Ra5 20. c4 Qa8 21. Bb6
d4 22. Bxa5 Qxa5 23. Kf2 Kc7 24. Rh3 d3 25. b4 Qxa3 26. Bxc6 Qb2 27. Kf1 Nxc6
28. c5 Bxd6 29. cxd6 Kd7 30. Rb1 Qe2 31. Kg1 Qxd1 32. Rxd1 Nxb4 33. Rh2 Nc2
34. Rb1 Be4 35. Rd2 Ra8 36. Kf2 f6 37. Rb5 Ra1 38. Rc5 Rh1 39. Rc7 Kd8 40. Kg3
Rg1 41. Kh3 Ne3 42. Rxg7 Rh1 43. Kg3 Nf1 44. Kf2 Nxd2 45. exf6 Rf1 46. Ke3 Nc4
47. Kxe4 d2 48. Rg8 Kd7 49. f7 Nxd6 50. Ke3 Nxf7 51. Kxd2 Rxf4 52. Ke3 e5 53. Rg6
Ke7 54. g5 hxg5 55. h6 Rf6 0-1

[Event "2016 WA Open Chess Championship"]
[Site "Nth Woodvale PS"]
[Date "2016.07.09"]
[Round "2"]
[White "Steven Hintz"]
[Black "Alex Janceski"]
[WhiteElo "1687"]
[BlackElo "1779"]
[Result "0-1"]

1. d4 d5 2. c4 e6 3. Nc3 Nf6 4. Bg5 Nbd7 5. e3 c6 6. Nf3 Be7 7. Rc1 O-O 8. Bd3
dxc4 9. Bxc4 Nd5 10. Bxe7 Qxe7 11. O-O N7b6 12. Bd3 g6 13. Ne4 Kg7 14. Qd2 Nd7
15. Ng3 Rd8 16. e4 N5f6 17. e5 Nd5 18. Ne4 f6 19. exf6 N7xf6 20. Ng3 Nd7 21. Rfe1
h6 22. Re4 N5f6 23. Re2 Nf8 24. Qe1 Qd6 25. Bb1 Bd7 26. a3 Be8 27. Rc5 Bf7 28. Rce5
Re8 29. Qd2 Rad8 30. Qc3 N8d7 31. h4 Nd5 32. Qc2 Nxe5 33. Nxe5 Ne7 34. Nh5 Kf8
35. Re4 gxh5 36. Qc1 Nf5 37. Qf4 Ke7 38. f3 Rg8 39. g4 Rg7 40. Kh2 hxg4 41. fxg4
Nxd4 42. g5 hxg5 43. hxg5 Nf5 44. Ba2 Qd2 0-1

[Event "2016 WA Open Chess Championship"]
[Site "Nth Woodvale PS"]
[Date "2016.07.09"]
[Round "2"]
[White "Nedeljko Tomic"]
[Black "Evan Yeung"]
[WhiteElo "1831"]
[BlackElo "1656"]
[Result "1-0"]

1. Nf3 Nf6 2. c4 e6 3. b3 d5 4. Bb2 c5 5. e3 Nc6 6. Na3 Be7 7. Ne5 Nxe5 8. Bxe5
Bd6 9. Bb2 O-O 10. Nb5 Bb8 11. Be2 a6 12. Nc3 Bd7 13. O-O Bc6 14. Qc2 d4 15. Nd1
Qd6 16. g3 Rd8 17. d3 e5 18. e4 Qe6 19. f3 h5 20. Nf2 Bd6 21. Bc1 Be7 22. Bd2
g6 23. Qc1 Rab8 24. a4 Nh7 25. f4 Bd6 26. Bf3 Nf6 27. Bg2 Qe7 28. Nh3 Bd7 29. f5
Nh7 30. Bh6 Qf6 31. Ng5 Be7 32. fxg6 Qxg6 33. Nxf7 Re8 34. Nxe5 Qd6 35. Bf4
Qe6 36. Nxd7 Qxd7 37. e5 Rbd8 38. Bd5 Kh8 39. e6 Qc8 40. Be5 1-0

[Event "2016 WA Open Chess Championship"]
[Site "Nth Woodvale PS"]
[Date "2016.07.09"]
[Round "2"]
[White "Igor Butsenko"]
[Black "Craig Kinsman"]
[WhiteElo "2238"]
[BlackElo "1978"]
[Result "1-0"]

1. d4 Nf6 2. c4 c5 3. Nf3 cxd4 4. Nxd4 e6 5. Nc3 Nc6 6. Ndb5 d5 7. cxd5 Nxd5
8. g3 a6 9. Nxd5 exd5 10. Nd4 Bb4 11. Bd2 Qb6 12. Nxc6 bxc6 13. Bg2 Rb8 14. b3
Bc5 15. O-O Bd4 16. Rc1 Bf5 17. Bc3 Bxc3 18. Rxc3 O-O 19. Qc1 Rbc8 20. Qf4 Be6
21. Qd6 Qb5 22. e3 c5 23. Rfc1 c4 24. Bf1 Rc6 25. Qf4 Rfc8 26. e4 h6 27. exd5
Qxd5 28. Bg2 Qd7 29. Bxc6 Qxc6 30. bxc4 Bh3 31. Qf3 Qe6 32. a3 Rc5 33. Re3 Qg6
34. Re8 Kh7 35. Qe4 Bf5 36. Qe3 Qc6 37. Re5 Rxe5 38. Qxe5 Be4 39. c5 Bh1 40. Qf5
Kg8 41. Qh3 Bf3 42. Qf1 Qg6 43. c6 Bd5 44. c7 1-0

[Event "2016 WA Open Chess Championship"]
[Site "Nth Woodvale PS"]
[Date "2016.07.10"]
[Round "3"]
[White "Yita Choong"]
[Black "Igor Butsenko"]
[WhiteElo "2331"]
[BlackElo "2238"]
[Result "1-0"]

1. d4 e6 2. c4 b6 3. Nc3 g6 4. e4 Bg7 5. Be3 d6 6. Qd2 Bb7 7. f3 Bh6 8. O-O-O
Bxe3 9. Qxe3 Nd7 10. Nh3 a6 11. Nf2 Qe7 12. Nd3 O-O-O 13. Be2 c5 14. dxc5 dxc5
15. e5 f5 16. exf6 Ngxf6 17. Rhe1 Rhe8 18. Bf1 Nb8 19. Na4 Qc7 20. Nf4 Rxd1
21. Rxd1 Nc6 22. Nxe6 Nd4 23. Nxc7 Rxe3 24. Nd5 Bxd5 25. Nxb6 Kc7 26. Nxd5 Nxd5
27. cxd5 a5 28. Kd2 Re7 29. Re1 Rxe1 30. Kxe1 Nc2 31. Kd2 1-0

[Event "2016 WA Open Chess Championship"]
[Site "Nth Woodvale PS"]
[Date "2016.07.10"]
[Round "3"]
[White "Fred Maris"]
[Black "Steven Hintz"]
[WhiteElo "1521"]
[BlackElo "1687"]
[Result "1-0"]

1. e4 c5 2. c3 d5 3. exd5 Qxd5 4. d4 Nf6 5. Nf3 Bg4 6. Be2 cxd4 7. Qxd4 Qc6
8. h3 Bh5 9. Na3 a6 10. Nc4 Nbd7 11. O-O e6 12. Bf4 O-O-O 13. Qa7 Nc5 14. Nb6 1-0

[Event "2016 WA Open Chess Championship"]
[Site "Nth Woodvale PS"]
[Date "2016.07.10"]
[Round "3"]
[White "Ramudu Rathnayake"]
[Black "Tristan Boyd"]
[WhiteElo "1267"]
[BlackElo "2400"]
[Result "0-1"]

1. e4 c5 2. Nc3 Nc6 3. f4 g6 4. Nf3 Bg7 5. Bb5 Nd4 6. O-O Nxb5 7. Nxb5 d6 8. d3
Nf6 9. Qe1 Bd7 10. Nc3 Bc6 11. Bd2 Nd7 12. Qg3 Qc7 13. Nh4 O-O-O 14. Kh1 Bf6
15. a4 e6 16. a5 h6 17. Nf3 Rdg8 18. Rae1 g5 19. e5 g4 20. exd6 gxf3 21. dxc7
fxg2 22. Kg1 gxf1=Q 23. Kxf1 Rxg3 24. hxg3 Kxc7 25. b3 Rg8 26. Ne2 h5 27. Kf2
h4 28. Rg1 h3 29. g4 h2 30. Rf1 Rxg4 31. Rg1 Bd4 0-1

[Event "2016 WA Open Chess Championship"]
[Site "Nth Woodvale PS"]
[Date "2016.07.10"]
[Round "3"]
[White "Craig Kinsman"]
[Black "Nedeljko Tomic"]
[WhiteElo "1978"]
[BlackElo "1831"]
[Result "0-1"]

1. e4 d6 2. d4 g6 3. Nf3 Bg7 4. c3 Nf6 5. Nbd2 O-O 6. Bc4 Nc6 7. O-O e5 8. Re1
Nh5 9. dxe5 dxe5 10. h3 Qe7 11. Nf1 Nd8 12. Ne3 c6 13. Kh2 Ne6 14. g3 b5 15. Bb3
a6 16. Ng4 Qc7 17. Bh6 Bxh6 18. Nxh6 Kg7 19. Ng4 f6 20. Qd2 g5 21. Kg2 Rd8 22. Qe2
Nhf4 23. gxf4 Nxf4 24. Kg3 Nxe2 25. Rxe2 h5 26. Ne3 f5 27. Kh2 f4 28. Rg1 g4
29. Nf5 Kf6 30. N3h4 Bxf5 31. Nxf5 Rd3 32. hxg4 hxg4 0-1

[Event "2016 WA Open Chess Championship"]
[Site "Nth Woodvale PS"]
[Date "2016.07.10"]
[Round "3"]
[White "Patrick Gong"]
[Black "Tim Hare"]
[WhiteElo "2183"]
[BlackElo "2043"]
[Result "1-0"]

1. e4 d6 2. d4 g6 3. Nf3 Bg7 4. Bc4 e6 5. O-O a6 6. Qe2 Ne7 7. c3 Nd7 8. Bg5
h6 9. Bh4 g5 10. Bg3 Ng6 11. Nbd2 b5 12. Bb3 O-O 13. a4 Rb8 14. axb5 axb5 15. Bc2
e5 16. d5 Nf4 17. Bxf4 gxf4 18. Nb3 Rb6 19. Ra8 Qe7 20. Na5 Nb8 21. Rxb8 Rxb8
22. Nc6 Qe8 23. Nxb8 Bb7 24. Nc6 Bxc6 25. dxc6 Qxc6 26. Nh4 Kh7 27. Nf5 Qd7
28. Qg4 1-0

[Event "2016 WA Open Chess Championship"]
[Site "Nth Woodvale PS"]
[Date "2016.07.10"]
[Round "3"]
[White "Alex Janceski"]
[Black "Rob Maris"]
[WhiteElo "1779"]
[BlackElo "2027"]
[Result "1-0"]

1. d4 Nf6 2. g3 d5 3. Bg2 e6 4. Nf3 b6 5. O-O Bb7 6. Nc3 c5 7. e3 Nc6 8. Ne2
Qc7 9. c3 Be7 10. Re1 O-O 11. Nd2 e5 12. Nf1 Rad8 13. a3 a5 14. Qd3 Rd7 15. b3
Ra8 16. Bb2 Ba6 17. Qd1 b5 18. Nd2 Rb8 19. Rc1 Qb6 20. Nf1 e4 21. Qd2 b4 22. dxc5
bxc3 23. Rxc3 Qc7 24. Nd4 Ne5 25. Qc2 Nd3 26. Rb1 Bxc5 27. Nd2 Qa7 28. Nc6 Qb6
29. Nxb8 Qxb8 30. Rxc5 Nxc5 31. Qxc5 1-0

[Event "2016 WA Open Chess Championship"]
[Site "Nth Woodvale PS"]
[Date "2016.07.10"]
[Round "3"]
[White "Evan Yeung"]
[Black "Derek Elkington"]
[WhiteElo "1656"]
[BlackElo "1954"]
[Result "0-1"]

1. e4 c5 2. Nf3 e6 3. d4 cxd4 4. Nxd4 Qb6 5. Nb3 Qc7 6. Bd3 Nc6 7. O-O Nf6 8. N1d2
a6 9. c3 b5 10. Nf3 e5 11. Be3 d6 12. h3 h6 13. Rc1 Be6 14. Qe2 Qb7 15. Rfd1
g5 16. Ne1 Rg8 17. c4 Nb4 18. cxb5 Nxd3 19. Qxd3 axb5 20. f3 h5 21. Rc2 g4 22. fxg4
hxg4 23. h4 Nxe4 24. Nd2 Bf5 25. Qb3 Nc5 26. Bxc5 Bxc2 27. Qxc2 dxc5 28. Ne4
Qc6 29. g3 Rxa2 30. Qd3 Be7 31. Ng2 Ra4 32. Nc3 Rd4 33. Qh7 Rxd1 34. Nxd1 Qg6 0-1

[Event "2016 WA Open Chess Championship"]
[Site "Nth Woodvale PS"]
[Date "2016.07.10"]
[Round "3"]
[White "David Ellis"]
[Black "Gordon Dunlop"]
[WhiteElo "2029"]
[BlackElo "1841"]
[Result "1/2-1/2"]

1. e4 c5 2. g3 Nc6 3. Bg2 Nf6 4. f4 e5 5. d3 d6 6. Nf3 Nd4 7. fxe5 Nxf3 8. Qxf3
dxe5 9. Nc3 Bg4 10. Qf2 Be7 11. Bg5 O-O 12. Bxf6 Bxf6 13. h3 Be6 14. Qxc5 Be7
15. Qf2 Rc8 16. Nd5 Bxd5 17. exd5 Qa5 18. Kd1 Bc5 19. Qe2 Qb6 20. c3 Bf2 21. g4
Bg3 22. Rf1 a5 23. Be4 g6 24. Rf3 Bh4 25. Kc2 a4 26. Qe3 Qxe3 27. Rxe3 a3 28. bxa3
Bf2 29. Rae1 Rc5 30. R1e2 Bxe3 31. Rxe3 Ra5 32. Kb3 Rfa8 33. c4 Rxa3 34. Kb4
R8a5 35. Re2 R3a4 36. Kc3 Ra3 37. Kb4 R3a4 1/2-1/2

[Event "2016 WA Open Chess Championship"]
[Site "Nth Woodvale PS"]
[Date "2016.07.10"]
[Round "3"]
[White "Ignatius Yap"]
[Black "Natalie Maris"]
[WhiteElo "1751"]
[BlackElo "1755"]
[Result "1-0"]

1. e4 b6 2. d4 e6 3. Nc3 Bb7 4. f3 c5 5. Be3 cxd4 6. Bxd4 Nc6 7. Be3 Nf6 8. Bc4
d6 9. Nge2 Be7 10. O-O O-O 11. Qd2 a6 12. a3 Qc7 13. Ba2 b5 14. Nf4 Rfe8 15. Rfd1
Ne5 16. Qf2 Nc4 17. Bxc4 Qxc4 18. Nd3 a5 19. Bd4 Rec8 20. Rdc1 Ra6 21. a4 b4
22. Nb5 e5 23. b3 Qe6 24. Be3 Nd7 25. Nb2 d5 26. exd5 Bxd5 27. Rd1 Bc5 28. Bxc5
Nxc5 29. Qd2 Bc6 30. Nc7 Rxc7 31. Qd8 Be8 32. Qxc7 Nd7 33. Nc4 Qc6 34. Qxc6
Rxc6 35. Rd6 Rxd6 36. Nxd6 Kf8 37. Nc4 f6 38. Nxa5 Bg6 39. Ra2 Nc5 40. Kf2 Ke7
41. Nc6 1-0